La technique de la Houille Balnche et des transports d'energie electrique / (Record no. 113621)

MARC details
000 -LEADER
campo de control de longitud fija 00580nam a2200181 i 4500
001 - NÚMERO DE CONTROL
campo de control 113621
003 - IDENTIFICADOR DE NÚMERO DE CONTROL
campo de control ES-MaACL
005 - FECHA Y HORA DE LA ÚLTIMA TRANSACCIÓN
campo de control 20230906185948.0
007 - CAMPO FIJO DE DESCRIPCIÓN FÍSICA--INFORMACIÓN GENERAL
campo de control de longitud fija t|
008 - DATOS DE LONGITUD FIJA--INFORMACIÓN GENERAL
campo de control de longitud fija 061121s1911 fr r ||||1| fre d
100 1# - ENTRADA PRINCIPAL--NOMBRE DE PERSONA
Nombre de persona Pacoret, Etienne.
9 (RLIN) 88161
245 13 - MENCIÓN DEL TÍTULO
Título La technique de la Houille Balnche et des transports d'energie electrique /
Mención de responsabilidad, etc. par Etienne Pacoret : prèface de M. A. Blondel.
250 ## - MENCION DE EDICION
Mención de edición 2e èd.
260 ## - PUBLICACIÓN, DISTRIBUCIÓN, ETC.
Lugar de publicación, distribución, etc. Paris :
Nombre del editor, distribuidor, etc. Deslis Freres,
Fecha de publicación, distribución, etc. 1911.
300 ## - DESCRIPCIÓN FÍSICA
Extensión 2 v. :
Otras características físicas il ;
Dimensiones 25 cm.
700 1# - ENTRADA AGREGADA--NOMBRE PERSONAL
Nombre de persona Blondel, André (
Fechas asociadas al nombre 1863-1938)
9 (RLIN) 158712
852 ## - LOCALIZACIÓN
Ubicación ES-MaACL
Número de control de estantería F-2430-31
Holdings
Estatus retirado Estado de pérdida Estado de daño No para préstamo Biblioteca de origen Biblioteca actual Ubicación en estantería Fecha de adquisición Fuente de adquisición Total de préstamos Signatura topográfica completa Código de barras Visto por última vez Precio de reemplazo Tipo de ítem Koha
        Biblioteca del Ateneo de Madrid Biblioteca del Ateneo de Madrid Depósito 2 17/01/2008     F-2430-31 1118498 23/02/2023 23/02/2023 Libro impreso